RUGBY - Classement tournois des 6 nations 2025 - Statistiques

Statistiques générales
  • Ce quiz a été pris 77 fois
  • Le résultat moyen est 6 sur 6
Statistiques - réponses
Hint Réponse % Correct
1 France
100%
2 Angleterre
99%
3 Irlande
99%
4 Ecosse
97%
5 Italie
97%
6 Pays de Galles
93%
Aucun quiz correspondant
Distribution des résultats
% des personnes avec chaque résultat
Percentile par nombre de réponses
Votre historique - résultats
Vous n’avez pas pris ce quiz